000 01000nas a2200313 4500
001 BR9604054
003 BR-BrBNA
005 20231205095333.0
007 ta
008 230509b bl.|||p| |||| 00| 00por d
040 _aBR-BrBNA
_bpor
_cBiblioteca Nacional de Agricultura
041 _a(Pt)
072 _aL02
100 1 _aSignoretti, R.D.
100 1 _aCastro, A.C.G.
100 1 _aSilva, J.F.C. da
100 1 _aCampos, J.M.S.
100 1 _aCecon, P.R.
100 1 _aValadares Filho, S. de C.
245 1 _aUtilizacao do farelo de germen de milho no concentrado inicial de bezerros de racas leiteiras em sistema de desaleitamento prococe
650 _aGado Leiteiro
650 _aMilho
650 _aFarelo
650 _aDesmama Precoce
650 _aAlimento Alternativo
773 0 _tRevista da Sociedade Brasileira de Zootecnia (Brazil)
_xISSN 0100-4859
_g(Sep-Oct 1995), v. 24(5) p. 841-851
_wBR9604054
909 _a202311
_bLúcia
_c55
_dLúcia Elande
942 _2AGRIS
_n0
_cANA
999 _c150109
_d150109